الموسوعة الغنية في مصطلحات علم الترجمة والترجمة الآلية (Record no. 33676)
[ view plain ]
| 000 -LEADER | |
|---|---|
| fixed length control field | 00693nam a22001817a 4500 |
| 003 - CONTROL NUMBER IDENTIFIER | |
| control field | JO-AjAnu |
| 005 - DATE AND TIME OF LATEST TRANSACTION | |
| control field | 20240909134519.0 |
| 008 - FIXED-LENGTH DATA ELEMENTS--GENERAL INFORMATION | |
| fixed length control field | 240909b jo ||||| |||| 00| 0 ara d |
| 022 ## - INTERNATIONAL STANDARD SERIAL NUMBER | |
| International Standard Serial Number | 9787-603-01-3106-8 |
| 040 ## - CATALOGING SOURCE | |
| Original cataloging agency | JO-AjAnu |
| Language of cataloging | ARA |
| Transcribing agency | JO-AjAnu |
| 041 ## - LANGUAGE CODE | |
| Language code of original | ARA |
| 100 ## - MAIN ENTRY--PERSONAL NAME | |
| Personal name | العبدان، عبد الرحمن عبد العزيز |
| Relator term | معد |
| 9 (RLIN) | 66195 |
| 245 ## - TITLE STATEMENT | |
| Title | الموسوعة الغنية في مصطلحات علم الترجمة والترجمة الآلية |
| Statement of responsibility, etc. | / اعداد عبد الرحمن عبد العزيز العبدان |
| 260 ## - PUBLICATION, DISTRIBUTION, ETC. | |
| Place of publication, distribution, etc. | الرياض: |
| Name of publisher, distributor, etc. | المؤلف، |
| Date of publication, distribution, etc. | 2013 |
| 300 ## - PHYSICAL DESCRIPTION | |
| Extent | 480 صفحة |
| 650 ## - SUBJECT ADDED ENTRY--TOPICAL TERM | |
| Form subdivision | الترجمة-اللغة العربية |
| 942 ## - ADDED ENTRY ELEMENTS (KOHA) | |
| Source of classification or shelving scheme | Library of Congress Classification |
| Koha item type | Books |
| Suppress in OPAC | No |
| Withdrawn status | Lost status | Source of classification or shelving scheme | Damaged status | Not for loan | Home library | Current library | Date acquired | Total Checkouts | Full call number | Barcode | Date last seen | Price effective from | Koha item type |
|---|---|---|---|---|---|---|---|---|---|---|---|---|---|
| Library of Congress Classification | مكتبة جامعة عجلون الوطنية | مكتبة جامعة عجلون الوطنية | 09/09/2024 | P306.2013 | A30020 | 09/09/2024 | 09/09/2024 | Reference |